| 000 | nam a22 a 4500 | ||
|---|---|---|---|
| 999 |
_c467761 _d467761 |
||
| 003 | BLK | ||
| 005 | 20220721160002.0 | ||
| 008 | 200625b bu |||||r|||| 00| | bu d | ||
| 020 | _a954110021X | ||
| 040 | _aBLK | ||
| 041 |
_aBUL _cBUL |
||
| 080 |
_aАмериканска литература (на САЩ) _b821.111(73) _x-31 _z821.111(73)-31 |
||
| 100 |
_9253822 _aКембъл, Бетани _eпърви автор |
||
| 139 | _aКембъл, Бетани | ||
| 245 |
_aЛунно цвете _bРоман _cБетани Кембъл ; прев. от англ. Екатерина Кузманова. |
||
| 260 |
_9216887 _aСофия _bАрлекин България _c1992 |
||
| 300 |
_a154 с. _c17 см |
||
| 380 | _aX | ||
| 490 |
_9416005 _aАрлекин. Романс _v12 |
||
| 500 | _aОриг. загл. The Lost Moon Flower / Befhany Campbell | ||
| 700 |
_9244764 _aКузманова, Екатерина _eпрев. от англ. |
||
| 852 |
_aЦб I 26169 _bЦб |
||
| 942 |
_cKNG _n0 _s1 |
||
| 944 |
_aCR _c2022-07-21 _kДГ |
||
| 999 | _d467761 | ||